000 00542nam a2200181Ia 4500
005 20250923144434.0
008 008 250917s9999 xx 000 0 eng d
037 _aTextual
040 _aDSWL
_beng
_cDSWL
041 _aeng
_2eng
084 _aX9J:236:N3, G4
_qDSWL
100 _aMADAN, B.K.
_9824902
245 0 _aSome aspects of rural economy in the Punjab
_cby B.K. MADAN
260 _aLahore
_bRama Krishna & Sons
_c1934
300 _a52 p.
942 _cTEXL
_hX9J:236:N3, G4
999 _c1438895
_d1438895